[Event "BCF-ch rapidplay 34th"]
[Site "Bingley"]
[Date "2023.04.16"]
[Round "9"]
[White "Vijayakumar, Rishi"]
[Black "Quilter, Thomas A"]
[Result "1-0"]
[WhiteElo "1846"]
[BlackElo "2162"]
[PlyCount "133"]
[EventDate "2023.04.15"]
[EventType "swiss (rapid)"]
[EventRounds "11"]
[EventCountry "ENG"]
[SourceTitle "CBM 213 Extra"]
[Source "ChessBase"]
[SourceDate "2023.05.31"]
[SourceVersion "1"]
[SourceVersionDate "2023.05.31"]
[SourceQuality "1"]

1. d4 Nf6 2. c4 d6 3. Nf3 Nc6 4. Nc3 e5 5. d5 Ne7 6. e4 g6 7. h3 Bg7 8. Be3 0-0 9. Bd3 c6 10. 0-0 a6 11. a4 Nh5 12. b4 f5 13. dxc6 bxc6 14. Qb3 Kh8 15. Bg5 h6 16. Bd2 d5 17. cxd5 cxd5 18. Nxd5 Nxd5 19. Qxd5 Qxd5 20. exd5 e4 21. Nh4 Bxa1 22. Nxg6+ Kg7 23. Nxf8 Kxf8 24. Be2 Nf6 25. Bxh6+ Ke7 26. Rxa1 Nxd5 27. Bg5+ Kd6 28. Rd1 Ke5 29. Bc1 Nxb4 30. Bb2+ Ke6 31. Bc4+ Ke7 32. Ba3 a5 33. Rd5 Bd7 34. Rxa5 Rb8 35. Bb5 Be6 36. Bxb4+ Kf6 37. Bc3+ Kg5 38. Ra6 Bf7 39. Bd2+ f4 40. g3 e3 41. fxe3 fxg3 42. e4+ Kh4 43. Be2 g2 44. Kxg2 Rg8+ 45. Bg4 Bg6 46. Be1+ Kg5 47. Ra5+ Kf4 48. Bg3+ Ke3 49. Bf3 Rc8 50. Rc5 Rd8 51. Bf2+ Kf4 52. Rc3 Rd2 53. Re3 Ra2 54. e5 Be8 55. Re4+ Kf5 56. e6 Ra3 57. e7 Kf6 58. h4 Kg6 59. h5+ Kg5 60. Be3+ Kf6 61. h6 Kg6 62. Re6+ Kf5 63. h7 Ra2+ 64. Kg3 Kxe6 65. h8Q Rxa4 66. Qxe8 Ra7 67. Bxa7 1-0

[Event "BCF-ch rapidplay 34th"]
[Site "Bingley"]
[Date "2023.04.15"]
[Round "6"]
[White "Smith, Andrew Philip"]
[Black "Vijayakumar, Rishi"]
[Result "1-0"]
[WhiteElo "2038"]
[BlackElo "1846"]
[PlyCount "89"]
[EventDate "2023.04.15"]
[EventType "swiss (rapid)"]
[EventRounds "11"]
[EventCountry "ENG"]
[SourceTitle "CBM 213 Extra"]
[Source "ChessBase"]
[SourceDate "2023.05.31"]
[SourceVersion "1"]
[SourceVersionDate "2023.05.31"]
[SourceQuality "1"]

1. e4 c6 2. d4 d5 3. e5 Bf5 4. c4 e6 5. Nc3 Bb4 6. a3 Bxc3+ 7. bxc3 Ne7 8. c5 b6 9. cxb6 axb6 10. Ne2 b5 11. Ng3 Nd7 12. Nxf5 Nxf5 13. Bd3 Qa5 14. Bd2 Nb6 15. Qg4 h5 16. Qg5 g6 17. Bxf5 gxf5 18. Qg7 Rf8 19. c4 Qa4 20. 0-0 dxc4 21. Bb4 Nd7 22. Qg5 f6 23. exf6 0-0-0 24. Bxf8 Rxf8 25. Qe3 Rxf6 26. Rfe1 f4 27. Qe4 Kc7 28. Qh7 c3 29. Qd3 Qb3 30. Reb1 Qd5 31. Qxc3 Rg6 32. f3 h4 33. h3 Nb6 34. Re1 Nc4 35. a4 b4 36. Qxb4 Qxd4+ 37. Kh1 c5 38. Qb1 Ne3 39. Qxg6 Qb2 40. Rab1 Qf2 41. a5 Nf5 42. Qf7+ Kc6 43. Qxe6+ Kc7 44. Qxf5 Qd4 45. Qe5+ 1-0

[Event "Daventry 4NCL Easter op-A 3rd"]
[Site "Daventry"]
[Date "2023.04.10"]
[Round "7"]
[White "Vijayakumar, Rishi"]
[Black "Kothari, Jai"]
[Result "1-0"]
[WhiteElo "1846"]
[BlackElo "1722"]
[PlyCount "55"]
[EventDate "2023.04.07"]
[EventType "swiss"]
[EventRounds "7"]
[EventCountry "ENG"]
[SourceTitle "CBM 213 Extra"]
[Source "ChessBase"]
[SourceDate "2023.05.31"]
[SourceVersion "1"]
[SourceVersionDate "2023.05.31"]
[SourceQuality "1"]

1. d4 Nf6 2. c4 e6 3. Nf3 c5 4. d5 b5 5. h3 Bb7 6. e3 bxc4 7. dxe6 fxe6 8. Bxc4 Be7 9. 0-0 0-0 10. Nc3 d5 11. Bb3 Nbd7 12. e4 c4 13. Bc2 dxe4 14. Ng5 Qb6 15. Qe2 Ne5 16. Ncxe4 Nd5 17. Nxh7 Rf5 18. Ng3 Rxf2 19. Rxf2 Bc5 20. Qxe5 Bxf2+ 21. Kh2 Nf6 22. Nxf6+ gxf6 23. Qxf6 c3 24. Qg6+ Kf8 25. Bh6+ Ke7 26. Qg7+ Kd8 27. Bg5+ Kc8 28. Qf8+ 1-0

[Event "Daventry 4NCL Easter op-A 3rd"]
[Site "Daventry"]
[Date "2023.04.09"]
[Round "4"]
[White "White, Stuart A"]
[Black "Vijayakumar, Rishi"]
[Result "1-0"]
[WhiteElo "2051"]
[BlackElo "1846"]
[PlyCount "79"]
[EventDate "2023.04.07"]
[EventType "swiss"]
[EventRounds "7"]
[EventCountry "ENG"]
[SourceTitle "CBM 213 Extra"]
[Source "ChessBase"]
[SourceDate "2023.05.31"]
[SourceVersion "1"]
[SourceVersionDate "2023.05.31"]
[SourceQuality "1"]

1. c4 e5 2. Nc3 Nf6 3. Nf3 Nc6 4. e3 Bb4 5. Qc2 0-0 6. Nd5 Re8 7. Qf5 d6 8. Nxf6+ Qxf6 9. Qxf6 gxf6 10. a3 Bc5 11. b4 Bb6 12. Bb2 Bg4 13. h3 Bxf3 14. gxf3 f5 15. Bd3 f4 16. 0-0-0 fxe3 17. fxe3 Kh8 18. Be4 a5 19. Bxc6 bxc6 20. d4 axb4 21. axb4 Ra4 22. c5 Ba7 23. Bc3 f6 24. Rhe1 Rb8 25. Kc2 Ra2+ 26. Kd3 dxc5 27. dxc5 Re8 28. Ra1 Rd8+ 29. Kc4 Rxa1 30. Rxa1 Bb8 31. Rg1 Rg8 32. Rxg8+ Kxg8 33. b5 Kf7 34. bxc6 Ke6 35. e4 Ke7 36. Kb5 Kd8 37. Ka6 Kc8 38. Be1 h5 39. Bf2 h4 40. Be3 1-0

[Event "Daventry 4NCL Easter op-A 3rd"]
[Site "Daventry"]
[Date "2023.04.08"]
[Round "3"]
[White "Vijayakumar, Rishi"]
[Black "Burrows, Martin P"]
[Result "0-1"]
[WhiteElo "1846"]
[BlackElo "2121"]
[PlyCount "50"]
[EventDate "2023.04.07"]
[EventType "swiss"]
[EventRounds "7"]
[EventCountry "ENG"]
[SourceTitle "CBM 213 Extra"]
[Source "ChessBase"]
[SourceDate "2023.05.31"]
[SourceVersion "1"]
[SourceVersionDate "2023.05.31"]
[SourceQuality "1"]

1. d4 Nf6 2. c4 e6 3. Nf3 b6 4. g3 Ba6 5. b3 Bb4+ 6. Bd2 Be7 7. Bg2 0-0 8. 0-0 d5 9. cxd5 exd5 10. Nc3 Re8 11. Re1 Bb7 12. Qc2 Nbd7 13. Rad1 c5 14. Bf4 Rc8 15. h4 cxd4 16. Nxd4 Bb4 17. Bd2 Ne4 18. Bxe4 dxe4 19. Ndb5 a6 20. a3 Bc5 21. b4 Bxf2+ 22. Kxf2 axb5 23. Bg5 Qc7 24. Bf4 e3+ 25. Kg1 Qc6 0-1

[Event "Daventry 4NCL Easter op-A 3rd"]
[Site "Daventry"]
[Date "2023.04.07"]
[Round "1"]
[White "Vijayakumar, Rishi"]
[Black "Garcia Ruiz Fuentes, Angel Marcos"]
[Result "1/2-1/2"]
[WhiteElo "1846"]
[BlackElo "2078"]
[PlyCount "57"]
[EventDate "2023.04.07"]
[EventType "swiss"]
[EventRounds "7"]
[EventCountry "ENG"]
[SourceTitle "CBM 213 Extra"]
[Source "ChessBase"]
[SourceDate "2023.05.31"]
[SourceVersion "1"]
[SourceVersionDate "2023.05.31"]
[SourceQuality "1"]

1. d4 Nf6 2. c4 g6 3. g3 Bg7 4. Bg2 0-0 5. Nf3 d6 6. 0-0 Nc6 7. Nc3 a6 8. b3 Rb8 9. d5 Na5 10. Be3 c5 11. dxc6 bxc6 12. h3 c5 13. Qd2 Re8 14. Rad1 Nc6 15. Ng5 Bb7 16. Nge4 Nxe4 17. Nxe4 Nd4 18. g4 a5 19. f4 a4 20. Bxd4 Bxd4+ 21. e3 Bg7 22. Qc2 axb3 23. axb3 Qb6 24. Rb1 Ra8 25. f5 Ra3 26. fxg6 fxg6 27. Ng5 Bf6 28. Ne4 Bg7 29. Ng5 1/2-1/2

[Event "Edinburgh Park op"]
[Site "Edinburgh"]
[Date "2023.03.04"]
[Round "2"]
[White "Vijayakumar, Rishi"]
[Black "Ruxton, Keith"]
[Result "0-1"]
[WhiteElo "1762"]
[BlackElo "2294"]
[PlyCount "55"]
[EventDate "2023.03.04"]
[EventType "swiss"]
[EventRounds "5"]
[EventCountry "SCO"]
[SourceTitle "CBM 213 Extra"]
[Source "ChessBase"]
[SourceDate "2023.05.31"]
[SourceVersion "1"]
[SourceVersionDate "2023.05.31"]
[SourceQuality "1"]

1. d4 Nf6 2. c4 g6 3. g3 Bg7 4. Bg2 0-0 5. Nc3 d6 6. Nf3 Nbd7 7. 0-0 e5 8. e4 c6 9. h3 Qb6 10. Rb1 Qb4 11. Qe2 exd4 12. Nxd4 Nb6 13. Bf4 Qxc4 14. Rbd1 Qxe2 15. Ndxe2 d5 16. exd5 Nbxd5 17. Bd6 Re8 18. Nxd5 Nxd5 19. Bxd5 cxd5 20. Nf4 Bxb2 21. Rxd5 Bg7 22. Rb5 b6 23. Rd1 Bb7 24. Nd5 Rad8 25. Ba3 Kh8 26. Kh2 Bc6 27. Rb3 Rxd5 28. Rc1 0-1

[Event "Wch U12"]
[Site "Batumi"]
[Date "2022.09.27"]
[Round "11"]
[White "Vijayakumar, Rishi"]
[Black "Zhauynbay, Aldiyar"]
[Result "1-0"]
[WhiteElo "1830"]
[BlackElo "1658"]
[PlyCount "63"]
[EventDate "2022.09.16"]
[EventType "swiss"]
[EventRounds "11"]
[EventCountry "GEO"]
[SourceTitle "EXT 2023"]
[Source "ChessBase"]
[SourceDate "2022.10.05"]
[SourceVersion "1"]
[SourceVersionDate "2022.10.05"]
[SourceQuality "1"]

1. d4 Nf6 2. c4 e6 3. Nf3 d5 4. Nc3 a6 5. cxd5 exd5 6. Bg5 c6 7. e3 Bd6 8. Bd3 h6 9. Bh4 Be6 10. 0-0 Nbd7 11. Ne2 Qc7 12. Bg3 g5 13. Qb3 Ne4 14. Bxd6 Nxd6 15. Ng3 f5 16. Ne5 h5 17. f4 h4 18. Ne2 g4 19. Rac1 Nb6 20. Nc3 Nbc4 21. Na4 h3 22. g3 Qa5 23. Rf2 Rh7 24. Nxg4 Rg7 25. Ne5 Qd8 26. Nc5 Bg8 27. Qc2 Qf6 28. Qe2 Ne4 29. Bxe4 fxe4 30. b3 Nd6 31. Qh5+ Kd8 32. Qxh3 1-0

[Event "Wch U12"]
[Site "Batumi"]
[Date "2022.09.19"]
[Round "4"]
[White "Mrinmoy, Rajkhowa"]
[Black "Vijayakumar, Rishi"]
[Result "1/2-1/2"]
[WhiteElo "1635"]
[BlackElo "1830"]
[PlyCount "79"]
[EventDate "2022.09.16"]
[EventType "swiss"]
[EventRounds "11"]
[EventCountry "GEO"]
[SourceTitle "EXT 2023"]
[Source "ChessBase"]
[SourceDate "2022.10.05"]
[SourceVersion "1"]
[SourceVersionDate "2022.10.05"]
[SourceQuality "1"]

1. e4 c6 2. d4 d5 3. Nd2 dxe4 4. Nxe4 Bf5 5. Ng3 Bg6 6. Nf3 Nd7 7. h4 h6 8. h5 Bh7 9. Bd3 Bxd3 10. Qxd3 e6 11. Bd2 Ngf6 12. 0-0-0 Be7 13. Kb1 Qb6 14. Ne4 Nxe4 15. Qxe4 Nf6 16. Qe2 Qb5 17. Qxb5 cxb5 18. c3 Nd5 19. Ne5 Bd6 20. g4 Bxe5 21. dxe5 Rd8 22. Bc1 Kd7 23. a4 a6 24. axb5 axb5 25. f4 Kc6 26. Kc2 Rd7 27. Rh3 Ra8 28. Rd4 Ra4 29. Rhd3 Rc4 30. Kb3 Nb6 31. Be3 Rd5 32. Kc2 Rdxd4 33. Bxd4 Nd5 34. Rf3 Ra4 35. f5 Kd7 36. Kb1 Ra6 37. b3 Rc6 38. Kc2 Ra6 39. Kb2 Rc6 40. Kc2 1/2-1/2